| 000 | 00438nam a2200145Ia 4500 | ||
|---|---|---|---|
| 008 | 220216s9999 xx 000 0 und d | ||
| 100 | _aKoshy A T | ||
| 245 | 0 | _aViscoelastic properties of silica filled natural rubber and ethylene vinyl acetate copolymer blend | |
| 260 |
_bPolymer Plastics Technology and Engineering _c1994 |
||
| 300 | _a161-171 | ||
| 700 | _aKuriakose B | ||
| 700 | _aThomas S | ||
| 700 | _aVarghese S | ||
| 942 | _cJS | ||
| 999 |
_c72201 _d72201 |
||